Teoría de la política comercial exterior / (Record no. 75633)

MARC details
000 -LEADER
campo de control de longitud fija 00582nam a2200193 i 4500
001 - NÚMERO DE CONTROL
campo de control 75633
003 - IDENTIFICADOR DE NÚMERO DE CONTROL
campo de control ES-MaACL
005 - FECHA Y HORA DE LA ÚLTIMA TRANSACCIÓN
campo de control 20250902014821.0
007 - CAMPO FIJO DE DESCRIPCIÓN FÍSICA--INFORMACIÓN GENERAL
campo de control de longitud fija t|
008 - DATOS DE LONGITUD FIJA--INFORMACIÓN GENERAL
campo de control de longitud fija 040927s1940 sp ||||1| spa d
100 1# - ENTRADA PRINCIPAL--NOMBRE DE PERSONA
Nombre de persona Gual Villalbí, Pedro.
9 (RLIN) 60287
245 10 - MENCIÓN DEL TÍTULO
Título Teoría de la política comercial exterior /
Mención de responsabilidad, etc. Pedro Gual Villalbí.
260 ## - PUBLICACIÓN, DISTRIBUCIÓN, ETC.
Lugar de publicación, distribución, etc. Madrid :
Nombre del editor, distribuidor, etc. Juventud,
Fecha de publicación, distribución, etc. 1940 (
Lugar de fabricación/manufactura Barcelona :
Fabricante Clarasó)
300 ## - DESCRIPCIÓN FÍSICA
Extensión XIX, 759 p. ;
Dimensiones 24 cm.
650 #7 - PUNTO DE ACCESO ADICIONAL DE MATERIA--TÉRMINO DE MATERIA
Término de materia o nombre geográfico como elemento de entrada Política comercial
Fuente del encabezamiento o término embne
9 (RLIN) 165019
852 ## - LOCALIZACIÓN
Ubicación ES-MaACL
Número de control de estantería F-15282
852 ## - LOCALIZACIÓN
Ubicación ES-MaACL
Número de control de estantería F-15700
Holdings
Estatus retirado Estado de pérdida Estado de daño No para préstamo Biblioteca de origen Biblioteca actual Ubicación en estantería Fecha de adquisición Fuente de adquisición Total de préstamos Signatura topográfica completa Código de barras Visto por última vez Precio de reemplazo Tipo de ítem Koha
        Biblioteca del Ateneo de Madrid Biblioteca del Ateneo de Madrid Sala Pecera Planta 2 17/01/2008     F-15700 1079162 23/02/2023 23/02/2023 Libro impreso
        Biblioteca del Ateneo de Madrid Biblioteca del Ateneo de Madrid Sala Pecera Planta 2 17/01/2008     F-15282 1079161 23/02/2023 23/02/2023 Libro impreso